Y học hạt nhân và kỹ thuật xạ trị

Khái niệm liên quan đến thể tích bia và sự phân phối liều, quá trình mô phỏng điều trị và phân phối liều cho các trường chiếu, các nguyên nhân gây nên ung thư và các bước trong quá trình điều trị ung thư của kĩ thuật xạ trị. Sử dụng các...

Täydet tiedot

Tallennettuna:
Bibliografiset tiedot
Päätekijä: Nguyễn, Thái Hà
Aineistotyyppi: Kirja
Kieli:Undetermined
Julkaistu: Hả Nội Bách khoa Hà Nội 2006
Aiheet:
Tagit: Lisää tagi
Ei tageja, Lisää ensimmäinen tagi!
Thư viện lưu trữ: Trung tâm Học liệu Trường Đại học Cần Thơ
LEADER 01133nam a2200205Ia 4500
001 CTU_176467
008 210402s9999 xx 000 0 und d
020 |c 27500 
082 |a 616.0757 
082 |b H100 
100 |a Nguyễn, Thái Hà 
245 0 |a Y học hạt nhân và kỹ thuật xạ trị 
245 0 |c Nguyễn Thái Hà, Nguyễn Đức Thuận 
260 |a Hả Nội 
260 |b Bách khoa Hà Nội 
260 |c 2006 
520 |a Khái niệm liên quan đến thể tích bia và sự phân phối liều, quá trình mô phỏng điều trị và phân phối liều cho các trường chiếu, các nguyên nhân gây nên ung thư và các bước trong quá trình điều trị ung thư của kĩ thuật xạ trị. Sử dụng các đồng vị phóng xạ cho chẩn đoán hình ảnh và điều trị trong y học hạt nhân 
650 |a Nuclear medicine,Radiology, medical,Y học phóng xạ,Y học hạt nhân 
910 |a Nguyên 
980 |a Trung tâm Học liệu Trường Đại học Cần Thơ